000 00618nam a2200193Ia 4500
008 090124s9999 xx 000 0 und d
082 _b121758
100 _aमित्र बिमल
245 _a साक्षीदार क्रमांक तीन
250 _a1
260 _c1986
300 _a166
600 _aमित्र बिमल
630 _a साक्षीदार क्रमांक तीन
700 _aमित्र बिमल
700 _aआपटे शरद
730 _a साक्षीदार क्रमांक तीन
942 _cBOOK
999 _c167844
_d167844